| 000 | 00802nam a2200253Ia 4500 | ||
|---|---|---|---|
| 008 | 191130s1996##################000#0#eng## | ||
| 020 | _a805816240 | ||
| 022 | _a95040959 | ||
| 040 |
_aACL _cACL |
||
| 082 | _a153 SAR | ||
| 245 |
_aCognitive interference : theories, methods, and findings _cedited by Irwin G. Sarason, Gregory R. Pierce, Barbara R. Sarason |
||
| 260 |
_aMahwah, N.J _bErlbaum _c1996 |
||
| 300 | _axii, 441 p. : ill. ; 24 cm | ||
| 500 | _aIncludes bibliographical references and indexes | ||
| 650 | _aCognition | ||
| 650 | _aCognitive psychology | ||
| 650 | _aInterference (Perception) | ||
| 700 | _aPierce, Gregory R | ||
| 700 | _aSarason, Barbara R | ||
| 700 | _aSarason, Irwin G | ||
| 990 | _aafec375eac10000c147dd01ed29c5d89 | ||
| 991 | _a223683 | ||
| 999 |
_c132165 _d132165 |
||